| 000 | 00858nam a2200253 i 4500 | ||
|---|---|---|---|
| 001 | bg | ||
| 245 | 0 | 0 |
_aDuży słownik niemiecko-polski : _b55000 haseł i zwrotów / _c[zespół aut. Anna Flaczyńska-Kaczmarek et al. ; red. t. Gero Lietz et al.]. |
| 260 |
_aPoznań : _b"LektorKlett", _c2004. |
||
| 300 |
_aXV, [1], 616 s. : _btab. ; _c25 cm. |
||
| 490 | 1 | _aPons | |
| 500 | _aNa okł.: Kommunikation. | ||
| 650 | 9 | _aSłownik niemiecko-polski | |
| 700 | 1 | _aFLACZYŃSKA-KACZMAREK, Anna | |
| 700 | 1 |
_aLIETZ, Gero. _eRed. |
|
| 830 | _aPons | ||
| 020 | _a8388507230 | ||
| 040 | _cBPK | ||
| 041 | 0 | _agerpol | |
| 080 | _a811.112.2::811.162.1]'374 | ||
| 920 | _a83-88507-23-0 | ||
| 942 | _cKS | ||
| 008 | s pl f |000 0 pol | ||
| 999 |
_c45848 _d45848 |
||